000 00355nam a2200157Ia 4500
003 0STCL
008 150530s9999 xx 000 0 und d
040 _aSTCL
_cSTCL
100 _aHugar, S.S.
245 _aTrends and challenges to Indian banking
260 _c1993
546 _aEnglish
942 _2ddc
_cBK
999 _c9734
_d9734
005 20220125165533.0